| 000 | 00668pam a2200229 a 4500 | ||
|---|---|---|---|
| 001 | 4377365 | ||
| 005 | 20180301041041.0 | ||
| 008 | 910415s1991 mau 001 0 eng c | ||
| 010 | _a 91007083 | ||
| 020 |
_a067464235X (alk. paper) : _c$24.95 |
||
| 040 |
_aDNLM/DLC _cDLC _dDLC |
||
| 041 | _aeng | ||
| 060 | _aWO 660 O687 | ||
| 080 | _a617.95 | ||
| 082 | 0 | 0 |
_a617.95 PIZ _220 |
| 100 | _a5 | ||
| 101 | _aKIR | ||
| 245 | 0 | 0 |
_aOrgan transplants : _cthe Massachusetts General Hospital Organ Transplant Team and H.F. Pizer. |
| 906 |
_a7 _bcbc _corignew _d1 _eocip _f19 _gy-gencatlg |
||
| 942 |
_2ddc _cBK |
||
| 999 |
_c43781 _d43781 |
||